NBA 3 Point Leaders Since 2000 - Statistics

General Stats
  • This quiz has been taken 94 times
  • The average score is 16 of 27
Answer Stats
Year Players 3 Point FGs % Correct
23-24 Stephen Curry 356
100%
21-22 Stephen Curry 285
100%
20-21 Stephen Curry 337
100%
16-17 Stephen Curry 324
100%
15-16 Stephen Curry 402
100%
14-15 Stephen Curry 286
100%
13-14 Stephen Curry 261
100%
12-13 Stephen Curry 272
100%
22-23 Klay Thompson 301
82%
05-06 Ray Allen 269
81%
02-03 Ray Allen 201
81%
01-02 Ray Allen 229
81%
19-20 James Harden 299
79%
18-19 James Harden 378
79%
17-18 James Harden 265
79%
24-25 Anthony Edwards 320
53%
04-05 Kyle Korver 226
49%
03-04 Peja Stojakovic 240
26%
08-09 Rashard Lewis 220
17%
00-01 Antoine Walker 221
13%
07-08 Jason Richardson 243
10%
04-05 Quentin Richardson 226
10%
06-07 Gilbert Arenas 205
7%
11-12 Ryan Anderson 166
7%
06-07 Raja Bell 205
6%
09-10 Aaron Brooks 209
3%
10-11 Dorell Wright 194
3%
No matching quizzes found
Score Distribution
Percent of People with Each Score
Percentile by Number Answered
Your Score History
You have not taken this quiz